Judaísmo

Salvato in:
Dettagli Bibliografici
Autore principale: Cohn-Sherbok, Dan (Autore)
Natura: Libro
Lingua:spagnolo
Pubblicazione: Madrid Akal 2001
Serie:Colección Religiones del Mundo
Soggetti:
Tags: Aggiungi Tag
Nessun Tag, puoi essere il primo ad aggiungerne!!

MARC

LEADER 00000nam a2200000 a 4500
001 UCM3321
003 CL-VaPUC
008 020705e20010000SP |||||||||||||||||spa|d
082 0 4 |a 296  |b COH  |2 21 
100 0 |a Cohn-Sherbok, Dan  |e author  |9 470027 
245 1 0 |a Judaísmo 
300 |a 127 p 
942 |c BK 
945 |d 20020705 00:00:00  |a vberengu 
260 |a Madrid  |b Akal  |c 2001 
650 0 |a Judíos  |9 313771 
650 0 |a Creencias religiosas   |9 373391 
650 7 |a RELIGIONES MODERNAS  |2 CL-VaPUC  |9 337686 
583 |a last modification  |c 20020705 00:00:00  |k Rodrigo Vera 
490 0 |a Colección Religiones del Mundo 
999 |c 300696  |d 300694 
952 |0 0  |1 0  |4 0  |6 296_000000000000000_COH_2001  |7 0  |8 A  |9 358877  |a BIBHIS  |b BIBHIS  |d 2019-11-21  |i 3825639  |o 296 COH 2001  |p 3825639  |r 2025-01-20  |w 2019-11-21  |y BK  |k HIS